| 000 | 00897nam a2200241Ia 4500 | ||
|---|---|---|---|
| 001 | 11395 | ||
| 005 | 20260421102550.0 | ||
| 008 | 260306t9999||||xx |||||||||||||| ||spa|| | ||
| 020 | _a9789972516993 | ||
| 041 | _aESP | ||
| 082 |
_a985.04 _bM523 |
||
| 100 |
_aMc Evoy, Carmen _eEDT |
||
| 245 | 0 |
_aTiempo de guerra : _bestado, nación y conflicto armado en el Perú, siglos XVII-XIX |
|
| 250 | _aPrimera edición, primera reimpresión | ||
| 260 |
_aLima : _bInstituto de Estudios Peruanos, _c2022 |
||
| 300 |
_a570 páginas : _bilustraciones ; _c23 cm. |
||
| 650 | _aHIS | ||
| 653 | _aPerú - Historia - Siglos XVII-XIX; Perú - Historia - Emancipación, 1808-1824; Estado - Perú | ||
| 654 | _aCHU | ||
| 700 |
_aRabinovich, Alejandro M., _eEDT |
||
| 856 |
_uhttps://0u20jxbjj-y-https-www-jstor-org.itmsp.museknowledge.com/ _zVéase además: Base de datos JSTOR |
||
| 942 |
_cLIB _dJUS _fMAT _2ddc |
||
| 999 |
_c11395 _d11395 |
||